The Influence of High-Energy Krypton Ion Implantation Temperature on Structure and Properties of Ni–Ti Alloy; Russian Physics Journal; Vol. 61, iss. 11
| Parent link: | Russian Physics Journal Vol. 61, iss. 11.— 2019.— [P. 2012–2018] |
|---|---|
| Glavni avtor: | |
| Korporativna značnica: | |
| Drugi avtorji: | , |
| Izvleček: | Title screen The influence of the temperature of implantation of Ni–Ti shape memory alloy with 84Kr15+ions at the energy E = 147 MeV on its structural-phase state is investigated. At the implantation temperatures 250 and 300°С, within the projective range Rp and out-range area the following processes and phenomena are observed: new formation of the martensitic В19'-phase, formation of nano-sized particles of the R-phase, increase in resistivity due to the formation of radiation-defect structures, strengthening of the alloy in the austenitic structural-phase state, and longer phase-transition temperature intervals. Режим доступа: по договору с организацией-держателем ресурса |
| Jezik: | angleščina |
| Izdano: |
2019
|
| Teme: | |
| Online dostop: | https://doi.org/10.1007/s11182-019-01631-0 |
| Format: | MixedMaterials Elektronski Book Chapter |
| KOHA link: | https://koha.lib.tpu.ru/cgi-bin/koha/opac-detail.pl?biblionumber=662064 |
MARC
| LEADER | 00000naa0a2200000 4500 | ||
|---|---|---|---|
| 001 | 662064 | ||
| 005 | 20250421162159.0 | ||
| 035 | |a (RuTPU)RU\TPU\network\33197 | ||
| 090 | |a 662064 | ||
| 100 | |a 20200513d2019 k||y0rusy50 ba | ||
| 101 | 0 | |a eng | |
| 135 | |a drcn ---uucaa | ||
| 181 | 0 | |a i | |
| 182 | 0 | |a b | |
| 200 | 1 | |a The Influence of High-Energy Krypton Ion Implantation Temperature on Structure and Properties of Ni–Ti Alloy |f V. P. Poltavtseva, S. A. Gyngazov (Ghyngazov), D. A. Satpaev | |
| 203 | |a Text |c electronic | ||
| 300 | |a Title screen | ||
| 320 | |a [References: 10 tit.] | ||
| 330 | |a The influence of the temperature of implantation of Ni–Ti shape memory alloy with 84Kr15+ions at the energy E = 147 MeV on its structural-phase state is investigated. At the implantation temperatures 250 and 300°С, within the projective range Rp and out-range area the following processes and phenomena are observed: new formation of the martensitic В19'-phase, formation of nano-sized particles of the R-phase, increase in resistivity due to the formation of radiation-defect structures, strengthening of the alloy in the austenitic structural-phase state, and longer phase-transition temperature intervals. | ||
| 333 | |a Режим доступа: по договору с организацией-держателем ресурса | ||
| 461 | |t Russian Physics Journal | ||
| 463 | |t Vol. 61, iss. 11 |v [P. 2012–2018] |d 2019 | ||
| 610 | 1 | |a электронный ресурс | |
| 610 | 1 | |a труды учёных ТПУ | |
| 610 | 1 | |a nickel titanium | |
| 610 | 1 | |a ion implantation | |
| 610 | 1 | |a phase transition | |
| 610 | 1 | |a hardening | |
| 610 | 1 | |a nanoparticles | |
| 610 | 1 | |a ионная имплантация | |
| 610 | 1 | |a фазовые переходы | |
| 610 | 1 | |a упрочнение | |
| 610 | 1 | |a наночастицы | |
| 700 | 1 | |a Poltavtseva |b V. P. |g Valentina Petrovna | |
| 701 | 1 | |a Gyngazov (Ghyngazov) |b S. A. |c specialist in the field of electronics |c Professor of Tomsk Polytechnic University, Doctor of technical sciences |f 1958- |g Sergey Anatolievich |3 (RuTPU)RU\TPU\pers\33279 |9 17024 | |
| 701 | 1 | |a Satpaev |b D. A. |g Dashi Anatoljevich | |
| 712 | 0 | 2 | |a Национальный исследовательский Томский политехнический университет (ТПУ) |b Институт неразрушающего контроля (ИНК) |b Проблемная научно-исследовательская лаборатория электроники, диэлектриков и полупроводников (ПНИЛ ЭДиП) |3 (RuTPU)RU\TPU\col\19033 |
| 801 | 2 | |a RU |b 63413507 |c 20200515 |g RCR | |
| 850 | |a 63413507 | ||
| 856 | 4 | 0 | |u https://doi.org/10.1007/s11182-019-01631-0 |
| 942 | |c CF | ||